00321cam a22001217a 4500008004000000082001200040100002000052245004700072260003700119300001000156500001000166650002300176180718b1956 xxu||||| |||| 00| 0 eng d aH5 C125 aCalamandrie, P. aProcedure and democracycby P. Calamandrie aN.Y.bNew York Univ. Pressc1956 a104p. a$4.50 aJudicial Procedure